Prénoms féminins les plus populaires en B - Statistiques

Statistiques générales
  • Ce quiz a été pris 403 fois
  • Le résultat moyen est 7 sur 19
Statistiques - réponses
Hint Réponse % Correct
Béatrice
90%
Br Brigitte
61%
Bérénice
60%
Bl Blanche
53%
Bénedicte
50%
Ba Barbara
48%
Bl Blandine
46%
Bérangère
45%
Be Bernadette
44%
Bi Bianca
39%
Br Brune
24%
Bélinda
21%
Be Berthe
21%
Be Betty
21%
Br Brenda
21%
Be Bertille
19%
Bi Billie
17%
Ba Baptistine
5%
Bi Bintou
5%
Aucun quiz correspondant
Distribution des résultats
% des personnes avec chaque résultat
Percentile par nombre de réponses
Votre historique - résultats
Vous n’avez pas pris ce quiz